00322pab a2200133 454500008004000000100002400040245002700064260000900091300001600100362001100116650001400127650001300141773003400154180718b2006 xxu||||| |||| 00| 0 eng d aRamchandran, Vimala aLiteracy and education c2006 ap.4853-857. a25 Nov aEducation aLiteracy aEconomic and Political Weekly